| 000 | 00470nam a2200157Ia 4500 | ||
|---|---|---|---|
| 008 | 250611s9999 xx 000 0 und d | ||
| 020 | _a0911038205 | ||
| 082 | _a305.8924 GRI | ||
| 100 | _aGrimstad, Willaim | ||
| 245 | 0 |
_aAntizion: _ba Survey of Commentary on Organized Jewry by Leading Personalities Through the Ages |
|
| 260 |
_aTorrance: _bNoontide Press, _c1973 |
||
| 300 | _a200p. | ||
| 500 | _aincludes bibiliography | ||
| 600 | _aSocial Science | ||
| 942 | _cGB | ||
| 999 |
_c31487 _d31487 |
||